| 000 | 01639cam a22004934i 4500 | ||
|---|---|---|---|
| 003 | PE-LiUPU | ||
| 005 | 20250731165444.0 | ||
| 008 | 161010s r 000 0 spa d | ||
| 020 | _a8467002212 | ||
| 020 | _a9788467002218 | ||
| 035 | _a(Sirsi) a164102 | ||
| 040 |
_aPE-LiUPU _bspa _cPE-LiUPU _erda |
||
| 049 | _aPRUA | ||
| 082 | 0 | 4 |
_aRC 421 _bC72 _220 |
| 100 | 1 |
_aConey, Andrew, _eautor. |
|
| 245 | 1 | 0 |
_aGramática inglesa _h[Texto impreso] _cAndrew Coney. |
| 264 | 1 |
_aMadrid _bEspasa Calpe _c[2002]. |
|
| 300 |
_a176 páginas. _c27 centimetros. |
||
| 336 |
_atext _2rdacontent |
||
| 337 |
_aunmediated _2rdamedia |
||
| 338 |
_avolume _2rdacarrier |
||
| 490 | 0 |
_aBiblioteca de la lengua _v12 |
|
| 526 | _aSEG44 | ||
| 526 | _aSEG26 | ||
| 526 | _aP151 | ||
| 526 | _aP150 | ||
| 526 | _aP149 | ||
| 526 | _aP146 | ||
| 526 | _aP145 | ||
| 526 | _aP126 | ||
| 526 | _aP125 | ||
| 526 | _aP92 | ||
| 526 | _aP75 | ||
| 526 | _aP74 | ||
| 526 | _aP27 | ||
| 526 | _aP15 | ||
| 650 | 0 | 7 |
_aLengua inglesa _xGramática. |
| 910 |
_ajck _bjos _cjck _d20161010 |
||
| 942 |
_2ddc _cBOOK |
||
| 949 |
_aRC 421 C72 _wDEWEY _c1 _i75020 _lCATALOGING _mBUL _p50.00 _r0 _sY _tBOOK _u2016-10-10 _xEDUCACION _zEDUCACION _0COMPRA _o.CIRCNOTE. El documento es de alto precio. _o.STAFF. Colección Ciencias Humanas y Educación |
||
| 596 | _a1 | ||
| 999 |
_aRC 421 C72 _wDEWEY _c12956 _i75020 _f2021-11-9 _g5 _lCCODEBUL1 _mBUL _p50.00 _r0 _sY _tBOOK _u2016-10-10 _xEDUCACION _PP14 _0DONACION _o.STAFF. Colección Ciencias Humanas y Educación _d12956 |
||
| 980 |
_81 _gALBERTO SANCHEZ Responsable de Automatización |
||